00374nam a2200133 a 45000010010000000030011000100080041000210350026000620820015000881000019001032450054001222600053001766500011002290000-9024ELIB.Books110520 2003  a(ELIB.Books)0000-9173 aB.Th bMyi aMyint Aye, Saw aTwenty First Century Mission for Pwo Karen People bInsein: Karen Baptist Theolgical Seminary c2003 aThesis